[Event "NB II. Barcza csoport"]
[Site "Miskolc"]
[Date "2023.12.10"]
[Round "3.12"]
[White "Toth, Kinga"]
[Black "Simon, Balint"]
[Result "0-1"]
[WhiteElo "1453"]
[BlackElo "1473"]
[PlyCount "88"]
[EventDate "2023.10.08"]
[EventType "team-tourn"]
[EventRounds "9"]
[EventCountry "HUN"]
[Source "chess.hu"]
[WhiteTeam "DVTK II."]
[BlackTeam "M.Sportisk-KisBocsok"]
[WhiteTeamCountry "HUN"]
[BlackTeamCountry "HUN"]

1. e4 c5 2. Nf3 Nc6 3. d4 cxd4 4. Nxd4 Nf6 5. Nc3 e5 6. Ndb5 d6 7. Bg5 a6 8.
Na3 b5 9. Nd5 Be7 10. Bxf6 gxf6 11. c3 f5 12. Bd3 f4 13. Qh5 Be6 14. g3 f3 15.
Qxf3 Bxd5 16. exd5 Na5 17. Qg4 h5 18. Qf5 Nb7 19. Be2 Qc8 20. Qb1 Nc5 21. Nc2
Qb7 22. Nb4 e4 23. Nc6 Rc8 24. Qd1 h4 25. Qd4 f6 26. b4 Nd3+ 27. Kf1 Rxc6 28.
dxc6 Qxc6 29. Rd1 hxg3 30. fxg3 Ne5 31. Qd5 Qc8 32. Qxe4 f5 33. Qe3 Rf8 34. Re1
f4 35. gxf4 Bg5 36. Bh5+ Kd8 37. Qb6+ Kd7 38. Rxe5 Rxf4+ 39. Kg1 dxe5 40. Qg6
Qxc3 41. Qe8+ Kc7 42. Qa8 Qe3+ 43. Kg2 Rf2+ 44. Kg1 Qe1# 0-1

[Event "NB II. Barcza csoport"]
[Site "Kazincbarcika"]
[Date "2023.12.10"]
[Round "3.1"]
[White "Forgacs, Jozsef"]
[Black "Hando, Vilmos"]
[Result "0-1"]
[WhiteElo "2226"]
[BlackElo "2371"]
[PlyCount "76"]
[EventDate "2023.10.08"]
[EventType "team-tourn"]
[EventRounds "9"]
[EventCountry "HUN"]
[Source "chess.hu"]
[WhiteTeam "Karsol-DSBK"]
[BlackTeam "Kazincbarcika VSC"]
[WhiteTeamCountry "HUN"]
[BlackTeamCountry "HUN"]

1. c4 Nf6 2. Nf3 g6 3. Nc3 Bg7 4. d4 O-O 5. e4 d6 6. Bg5 h6 7. Bf4 Nc6 8. d5 e5
9. Be3 Ne7 10. h3 Nh5 11. Qd2 g5 12. h4 g4 13. Nh2 g3 14. Nf3 gxf2+ 15. Bxf2 f5
16. O-O-O Nf6 17. Bd3 a6 18. exf5 Bxf5 19. Bxf5 Nxf5 20. Qc2 Ng4 21. Rhe1 Qd7
22. Ne4 Qf7 23. Kb1 Rfd8 24. Bg1 Rac8 25. Qd3 c6 26. Rf1 Rf8 27. Nfd2 Qd7 28.
Qh3 h5 29. Ng3 Nxg3 30. Qxg3 cxd5 31. cxd5 Qb5 32. Rxf8+ Rxf8 33. Ne4 Rf1 34.
Re1 Qe2 35. Rxf1 Qxf1+ 36. Kc2 Qxg1 37. Qd3 Qxg2+ 38. Kb3 Nf6 0-1

[Event "NB II. Barcza csoport"]
[Site "Kazincbarcika"]
[Date "2023.12.10"]
[Round "3.2"]
[White "Ligart, Tamas"]
[Black "Bodnar, Mate"]
[Result "1-0"]
[WhiteElo "2159"]
[BlackElo "2018"]
[PlyCount "137"]
[EventDate "2023.10.08"]
[EventType "team-tourn"]
[EventRounds "9"]
[EventCountry "HUN"]
[Source "chess.hu"]
[WhiteTeam "Kazincbarcika VSC"]
[BlackTeam "Karsol-DSBK"]
[WhiteTeamCountry "HUN"]
[BlackTeamCountry "HUN"]

1. e4 Nf6 2. e5 Nd5 3. d4 d6 4. Bc4 Nb6 5. Bb3 dxe5 6. Qh5 e6 7. dxe5 Nc6 8.
Nf3 Nd4 9. O-O g6 10. Qg4 Nxf3+ 11. Qxf3 Bg7 12. Re1 c5 13. c3 Qc7 14. Bf4 Bd7
15. Nd2 Bc6 16. Qe2 Rd8 17. h4 h5 18. Ne4 Bxe4 19. Qxe4 c4 20. Bc2 O-O 21. g4
hxg4 22. h5 Qc6 23. hxg6 fxg6 24. Bg5 Qxe4 25. Bxe4 Rd7 26. Bxg6 Rd5 27. Be7
Rf4 28. Be4 Rxe5 29. Bg2 Rf7 30. Bd6 Ref5 31. Bg3 Na4 32. Rxe6 Nxb2 33. Be4
R5f6 34. Bd5 Kh8 35. Kg2 Rxe6 36. Bxe6 Rf6 37. Bxg4 Rg6 38. Bf5 Rg5 39. Be4
Bxc3 40. Bxb7 Nd3 41. Rh1+ Kg8 42. Rh4 Rc5 43. Rxc4 Rxc4 44. Bd5+ Kg7 45. Bxc4
Ne5 46. Bb5 Kf6 47. f4 Ng6 48. Kf3 Bd2 49. Ke4 Bc1 50. f5 Ne7 51. Be5+ Kf7 52.
Bc4+ Ke8 53. f6 Ng6 54. Bd4 a5 55. Kf5 Nf8 56. Bc3 a4 57. Bb5+ Kf7 58. Bxa4 Ba3
59. Bb3+ Ke8 60. Be6 Nh7 61. Bd2 Nf8 62. Bg5 Nh7 63. Bh4 Kd8 64. Kg6 Nf8+ 65.
Kf7 Nh7 66. Bf5 Nf8 67. Bg5 Nd7 68. Bxd7 Kxd7 69. Kg8 1-0

[Event "NB II. Barcza csoport"]
[Site "Kazincbarcika"]
[Date "2023.12.10"]
[Round "3.3"]
[White "Kelemen, Imre"]
[Black "Csala, Jan"]
[Result "0-1"]
[WhiteElo "1998"]
[BlackElo "2101"]
[PlyCount "76"]
[EventDate "2023.10.08"]
[EventType "team-tourn"]
[EventRounds "9"]
[EventCountry "HUN"]
[Source "chess.hu"]
[WhiteTeam "Karsol-DSBK"]
[BlackTeam "Kazincbarcika VSC"]
[WhiteTeamCountry "HUN"]
[BlackTeamCountry "HUN"]

1. Nf3 c5 2. e4 a6 3. d4 cxd4 4. c3 d5 5. Qxd4 dxe4 6. Qxd8+ Kxd8 7. Ng5 Ke8 8.
Bc4 e6 9. Nxe4 Nf6 10. Nbd2 b5 11. Bd3 Bb7 12. Nxf6+ gxf6 13. Be4 Bxe4 14. Nxe4
Nd7 15. O-O f5 16. Ng5 Nb6 17. Re1 Be7 18. Nf3 Bf6 19. Bg5 Bxg5 20. Nxg5 Ke7
21. Nf3 Rac8 22. Nd4 Kf6 23. f4 Rhd8 24. g3 b4 25. Ne2 Rd2 26. Rab1 Nd5 27. a4
bxc3 28. Nxc3 Nxc3 29. bxc3 Rxc3 30. Rb6 Rcc2 31. Rxa6 Rg2+ 32. Kh1 Rxh2+ 33.
Kg1 Rcg2+ 34. Kf1 Rxg3 35. Rd1 Ra2 36. Ra7 Rf3+ 37. Kg1 Rxf4 38. Rdd7 Rc4 0-1

[Event "NB II. Barcza csoport"]
[Site "Kazincbarcika"]
[Date "2023.12.10"]
[Round "3.4"]
[White "Balazs, Ladislav"]
[Black "Botragyi, Tibor"]
[Result "1-0"]
[WhiteElo "2046"]
[BlackElo "1980"]
[PlyCount "85"]
[EventDate "2023.10.08"]
[EventType "team-tourn"]
[EventRounds "9"]
[EventCountry "HUN"]
[Source "chess.hu"]
[WhiteTeam "Kazincbarcika VSC"]
[BlackTeam "Karsol-DSBK"]
[WhiteTeamCountry "HUN"]
[BlackTeamCountry "HUN"]

1. e4 c5 2. Nf3 Nc6 3. d4 cxd4 4. Nxd4 g6 5. Nc3 Bg7 6. Nxc6 bxc6 7. Bc4 d6 8.
O-O Nf6 9. e5 Ng4 10. exd6 Qxd6 11. Qxd6 exd6 12. Re1+ Kf8 13. h3 Ne5 14. Bb3
d5 15. Bf4 f6 16. Na4 Be6 17. Bd2 Kf7 18. Nc5 Rhe8 19. f4 Nc4 20. Bc3 Nd6 21.
Ba4 Rac8 22. Bb4 Bf5 23. Rxe8 Kxe8 24. Re1+ Kf7 25. g4 Be4 26. c4 f5 27. cxd5
cxd5 28. Rd1 Bxb2 29. Nxe4 Nxe4 30. Rxd5 Nf6 31. Rb5 Bd4+ 32. Kg2 fxg4 33. hxg4
Nxg4 34. Rb7+ Kg8 35. Bd7 Rc2+ 36. Kf3 Nf6 37. Be6+ Kh8 38. Rb8+ Ne8 39. Rxe8+
Kg7 40. Bb3 Rf2+ 41. Kg3 Rf1 42. Bf8+ Kf6 43. Rd8 1-0

[Event "NB II. Barcza csoport"]
[Site "Kazincbarcika"]
[Date "2023.12.10"]
[Round "3.5"]
[White "Szilagyi, Tibor"]
[Black "Heinrich, Jan"]
[Result "1/2-1/2"]
[WhiteElo "2058"]
[BlackElo "1876"]
[PlyCount "87"]
[EventDate "2023.10.08"]
[EventType "team-tourn"]
[EventRounds "9"]
[EventCountry "HUN"]
[Source "chess.hu"]
[WhiteTeam "Karsol-DSBK"]
[BlackTeam "Kazincbarcika VSC"]
[WhiteTeamCountry "HUN"]
[BlackTeamCountry "HUN"]

1. e4 c5 2. Nc3 Nc6 3. g3 g6 4. Bg2 Bg7 5. d3 e6 6. Be3 d6 7. Qd2 Nd4 8. Nd1
Ne7 9. c3 Ndc6 10. Ne2 Bd7 11. Bh6 Bxh6 12. Qxh6 Ng8 13. Qd2 Qf6 14. Ne3 h5 15.
d4 cxd4 16. cxd4 Nge7 17. Nc4 Nc8 18. f4 O-O 19. O-O Qe7 20. Rae1 b5 21. Ne3
Nb6 22. f5 Qg5 23. h4 Qh6 24. f6 e5 25. d5 Nb4 26. a3 Na6 27. Rc1 Rfc8 28. Nc3
Nc5 29. Qf2 Nd3 30. Qd2 Nxc1 31. Qxc1 Kh7 32. Qe1 Nc4 33. Nxc4 Rxc4 34. Rf2
Rac8 35. Kh2 a5 36. Bf1 R4c5 37. Bh3 Bxh3 38. Kxh3 Qf8 39. Qe2 Qd8 40. Rf5 Qh8
41. Nxb5 Rxb5 42. Rxh5+ gxh5 43. Qxh5+ Kg8 44. Qg4+ 1/2-1/2

[Event "NB II. Barcza csoport"]
[Site "Kazincbarcika"]
[Date "2023.12.10"]
[Round "3.6"]
[White "Marko, Arpad"]
[Black "Szabo, Levente Edvard"]
[Result "0-1"]
[WhiteElo "1818"]
[BlackElo "1903"]
[PlyCount "170"]
[EventDate "2023.10.08"]
[EventType "team-tourn"]
[EventRounds "9"]
[EventCountry "HUN"]
[Source "chess.hu"]
[WhiteTeam "Kazincbarcika VSC"]
[BlackTeam "Karsol-DSBK"]
[WhiteTeamCountry "HUN"]
[BlackTeamCountry "HUN"]

1. e4 c6 2. d4 d5 3. e5 c5 4. c3 Nc6 5. Bb5 Bd7 6. Ne2 Nxe5 7. Ba4 Bxa4 8.
Qxa4+ Nc6 9. dxc5 e6 10. b4 Nge7 11. O-O Nf5 12. Nd4 Nfxd4 13. cxd4 Be7 14. b5
Qa5 15. Qxa5 Nxa5 16. Bd2 Nc4 17. Bc3 Bf6 18. a4 a6 19. b6 Rc8 20. Ra2 O-O 21.
Na3 Nxb6 22. a5 Nd7 23. Ba1 Nb8 24. Nc2 Nc6 25. f4 g6 26. Rb1 Rc7 27. Bc3 Na7
28. Na3 Rd8 29. Rb3 h5 30. Rab2 Rdd7 31. g3 Nc6 32. Nc2 Kg7 33. Kg2 Kh7 34. Rb1
Bg7 35. Re1 Ne7 36. Ba1 Ng8 37. Rb6 Nf6 38. Rd1 Re7 39. Ne3 Nd7 40. Rb3 Nb8 41.
Rbd3 Nc6 42. Bc3 Na7 43. Nc2 Bf6 44. Ne1 Kg7 45. Nf3 Re8 46. Be1 Nb5 47. h4 Bd8
48. Bd2 Na7 49. Rb1 Bf6 50. Be1 Nc6 51. Bd2 Kf8 52. Be1 Ke7 53. Bd2 Kd8 54. Be1
Kc8 55. Bd2 Ne7 56. Be1 Nf5 57. Bd2 Bd8 58. Be1 Nh6 59. Bd2 Ng4 60. Re1 Nf6 61.
Rb1 Ne4 62. Be1 f6 63. Rbd1 g5 64. fxg5 fxg5 65. Ne5 Bf6 66. hxg5 Bxe5 67. dxe5
Rxc5 68. g6 Rg8 69. Rf3 Rxg6 70. Rf8+ Kd7 71. Rh8 Rc2+ 72. Kh1 Nxg3+ 73. Bxg3
Rxg3 74. Rxh5 Re3 75. Rb1 Kc6 76. Rh7 d4 77. Rhxb7 d3 78. R7b6+ Kd5 79. Rd1
Kxe5 80. Rb8 d2 81. Rd8 Re1+ 82. Kg2 Rxd1 83. Kf2 Rh1 84. Ke3 Re1+ 85. Kf2
d1=Q+ 0-1

[Event "NB II. Barcza csoport"]
[Site "Kazincbarcika"]
[Date "2023.12.10"]
[Round "3.7"]
[White "Szava, Miklos"]
[Black "Fazekas, Istvan"]
[Result "1-0"]
[WhiteElo "1930"]
[BlackElo "1800"]
[PlyCount "75"]
[EventDate "2023.10.08"]
[EventType "team-tourn"]
[EventRounds "9"]
[EventCountry "HUN"]
[Source "chess.hu"]
[WhiteTeam "Karsol-DSBK"]
[BlackTeam "Kazincbarcika VSC"]
[WhiteTeamCountry "HUN"]
[BlackTeamCountry "HUN"]

1. e4 e5 2. Nf3 Nc6 3. d4 exd4 4. Bc4 Bc5 5. Ng5 Nh6 6. O-O d6 7. c3 Qf6 8. h3
Qg6 9. Kh1 f6 10. Be2 fxg5 11. Bh5 g4 12. Bxg6+ hxg6 13. h4 g3 14. fxg3 dxc3
15. Nxc3 Ng4 16. Nd5 Rb8 17. Qe2 Nce5 18. Nxc7+ Kd8 19. Nd5 Be6 20. Bg5+ Kd7
21. b4 Bxd5 22. bxc5 Bc4 23. Qd2 d5 24. Rf4 Kc6 25. Qa5 b6 26. Qa4+ Kb7 27.
Rxg4 b5 28. Qd1 Rbf8 29. Rf4 Rxf4 30. Bxf4 Nd3 31. Qf3 Re8 32. exd5 Nxc5 33.
d6+ Kb6 34. Be3 Re5 35. d7 Kc7 36. Bxc5 Rxc5 37. d8=Q+ Kxd8 38. Qf8+ 1-0

[Event "NB II. Barcza csoport"]
[Site "Kazincbarcika"]
[Date "2023.12.10"]
[Round "3.8"]
[White "Varga, Laszlo"]
[Black "Ecsedi, Sandor"]
[Result "0-1"]
[WhiteElo "1727"]
[BlackElo "1789"]
[PlyCount "92"]
[EventDate "2023.10.08"]
[EventType "team-tourn"]
[EventRounds "9"]
[EventCountry "HUN"]
[Source "chess.hu"]
[WhiteTeam "Kazincbarcika VSC"]
[BlackTeam "Karsol-DSBK"]
[WhiteTeamCountry "HUN"]
[BlackTeamCountry "HUN"]

1. e4 c5 2. d4 cxd4 3. c3 dxc3 4. Nxc3 Nc6 5. Nf3 d6 6. Bc4 e6 7. Bf4 a6 8. O-O
Nf6 9. Re1 Be7 10. Qe2 O-O 11. Rad1 Qc7 12. a3 b5 13. Ba2 Bb7 14. Ng5 h6 15.
Nf3 Rac8 16. Rc1 Qb8 17. h3 Rfd8 18. Bh2 Ne5 19. Nd2 Qa7 20. Kh1 Nc6 21. Nf3 b4
22. axb4 Nxb4 23. Bb1 Nc6 24. Ba2 Qb6 25. e5 dxe5 26. Nxe5 Nxe5 27. Bxe5 Rd7
28. Na4 Qa5 29. Bxf6 Bxf6 30. Rxc8+ Bxc8 31. Rc1 Rc7 32. Rxc7 Qxc7 33. Bc4 Qc6
34. b3 Bb7 35. f3 Qd6 36. Qd3 Qxd3 37. Bxd3 Bd4 38. Kh2 Kf8 39. Kg3 Ke7 40. h4
Kd6 41. Kf4 a5 42. g4 Bd5 43. Bc2 e5+ 44. Kg3 Kc6 45. Be4 Bxe4 46. fxe4 Kb5 0-1

[Event "NB II. Barcza csoport"]
[Site "Kazincbarcika"]
[Date "2023.12.10"]
[Round "3.9"]
[White "Borbely, Zsombor"]
[Black "Jonizs, Zoltan"]
[Result "1-0"]
[WhiteElo "1717"]
[BlackElo "1749"]
[PlyCount "81"]
[EventDate "2023.10.08"]
[EventType "team-tourn"]
[EventRounds "9"]
[EventCountry "HUN"]
[Source "chess.hu"]
[WhiteTeam "Karsol-DSBK"]
[BlackTeam "Kazincbarcika VSC"]
[WhiteTeamCountry "HUN"]
[BlackTeamCountry "HUN"]

1. Nf3 Nf6 2. c4 e6 3. Nc3 Bb4 4. d4 Bxc3+ 5. bxc3 O-O 6. Bg5 h6 7. Bh4 d5 8.
e3 b6 9. Be2 Ba6 10. Ne5 g5 11. Bg3 Ne4 12. Qc2 Nd7 13. cxd5 Bxe2 14. Kxe2 exd5
15. f3 Nxe5 16. fxe4 Ng6 17. e5 Qd7 18. Rhf1 Qg4+ 19. Rf3 Nh4 20. Bxh4 Qxh4 21.
h3 Qe4 22. Qxe4 dxe4 23. Rf6 Kg7 24. Raf1 Rae8 25. Rc6 Re7 26. h4 Rh8 27. h5
Rhe8 28. Rff6 Re6 29. Rfxe6 Rxe6 30. Rxc7 a5 31. c4 Kf8 32. Rc8+ Ke7 33. Rc7+
Ke8 34. c5 f5 35. d5 Rxe5 36. cxb6 Kd8 37. d6 Rb5 38. b7 Rb2+ 39. Kd1 Rb6 40.
Rc8+ Kd7 41. b8=Q 1-0

[Event "NB II. Barcza csoport"]
[Site "Kazincbarcika"]
[Date "2023.12.10"]
[Round "3.10"]
[White "Fazekas, David"]
[Black "Kovacs, Gergely"]
[Result "0-1"]
[WhiteElo "1259"]
[BlackElo "1472"]
[PlyCount "102"]
[EventDate "2023.10.08"]
[EventType "team-tourn"]
[EventRounds "9"]
[EventCountry "HUN"]
[Source "chess.hu"]
[WhiteTeam "Kazincbarcika VSC"]
[BlackTeam "Karsol-DSBK"]
[WhiteTeamCountry "HUN"]
[BlackTeamCountry "HUN"]

1. e4 c6 2. d4 d5 3. exd5 cxd5 4. Nc3 Nf6 5. Bd3 Nc6 6. Nf3 Bg4 7. Be3 e6 8. h3
Bxf3 9. Qxf3 Qb6 10. Bb5 Bb4 11. Bxc6+ Qxc6 12. Bd2 Qc4 13. a3 Ba5 14. Qd3 Qxd3
15. cxd3 O-O 16. O-O Rac8 17. Rfc1 Rc6 18. b4 Bb6 19. Ne2 Rfc8 20. Rxc6 Rxc6
21. Rc1 Rxc1+ 22. Bxc1 Ne8 23. Be3 Nd6 24. a4 Bc7 25. Bf4 Ne8 26. Bxc7 Nxc7 27.
Nc3 Na6 28. Na2 Kf8 29. Kf1 Ke7 30. Ke2 Kd6 31. f4 Nc7 32. Kd2 b5 33. a5 f6 34.
Nc3 e5 35. dxe5+ fxe5 36. f5 Ke7 37. g4 d4 38. Ne4 Nd5 39. g5 Nxb4 40. f6+ gxf6
41. Nxf6 Kf7 42. h4 h6 43. Ng4 hxg5 44. hxg5 Nc6 45. a6 Kg6 46. Nf2 Kxg5 47.
Ne4+ Kf4 48. Nd6 b4 49. Nc4 Nb8 50. Na5 Nxa6 51. Nc4 b3 0-1

[Event "NB II. Barcza csoport"]
[Site "Kazincbarcika"]
[Date "2023.12.10"]
[Round "3.11"]
[White "Bekesi, Aron"]
[Black "Gyenge, Attila"]
[Result "1-0"]
[WhiteElo "1558"]
[BlackElo "1397"]
[PlyCount "81"]
[EventDate "2023.10.08"]
[EventType "team-tourn"]
[EventRounds "9"]
[EventCountry "HUN"]
[Source "chess.hu"]
[WhiteTeam "Karsol-DSBK"]
[BlackTeam "Kazincbarcika VSC"]
[WhiteTeamCountry "HUN"]
[BlackTeamCountry "HUN"]

1. e4 c5 2. Nf3 Nc6 3. d4 cxd4 4. Nxd4 Qb6 5. Nb3 e6 6. Be3 Qc7 7. Nc3 a6 8.
Qd2 Nf6 9. O-O-O Bb4 10. f3 Na5 11. g4 Nxb3+ 12. cxb3 b5 13. Kb1 Bb7 14. Nxb5
axb5 15. Qxb4 Qa5 16. Qxa5 Rxa5 17. Bd3 Bc6 18. Bd2 Ra8 19. Bb4 d5 20. e5 Nd7
21. Rhe1 Nb6 22. Rc1 Kd7 23. Rc5 Rhc8 24. Bxb5 Bxb5 25. Rxb5 Ra6 26. Rc1 Rxc1+
27. Kxc1 Kc6 28. Ra5 Rxa5 29. Bxa5 Nd7 30. Bc3 Kc5 31. f4 d4 32. Bd2 f6 33.
exf6 Nxf6 34. g5 Ne4 35. Kc2 h6 36. gxh6 gxh6 37. b4+ Kc4 38. b3+ Kb5 39. Kd3
Nxd2 40. Kxd2 Kxb4 41. Kd3 1-0

[Event "NB II. Barcza csoport"]
[Site "Miskolc"]
[Date "2024.02.18"]
[Round "4.1"]
[White "Hando, Vilmos"]
[Black "Kassay, Lilla"]
[Result "1-0"]
[WhiteElo "2378"]
[BlackElo "2046"]
[PlyCount "63"]
[EventDate "2023.10.08"]
[EventType "team-tourn"]
[EventRounds "9"]
[EventCountry "HUN"]
[Source "chess.hu"]
[WhiteTeam "Kazincbarcika VSC"]
[BlackTeam "M.Sportisk-KisBocsok"]
[WhiteTeamCountry "HUN"]
[BlackTeamCountry "HUN"]

1. d4 Nf6 2. c4 e6 3. Nc3 Bb4 4. e3 b6 5. Bd3 Bb7 6. Nge2 c5 7. a3 cxd4 8. axb4
dxc3 9. Nxc3 Nc6 10. b5 Ne5 11. Be2 Qc7 12. b3 d5 13. f4 Ng6 14. O-O O-O 15.
Qe1 Rfd8 16. Qf2 Ne7 17. Ba3 Nf5 18. Rfd1 e5 19. Nxd5 Bxd5 20. cxd5 exf4 21.
Rac1 Qe5 22. exf4 Qe3 23. g4 Qxb3 24. Rd3 Qxb5 25. gxf5 Qd7 26. Qg2 Qxf5 27.
Rcd1 Rac8 28. Be7 Re8 29. d6 Qc5+ 30. Kh1 Nd7 31. Bg4 f5 32. Bh5 1-0

[Event "NB II. Barcza csoport"]
[Site "Miskolc"]
[Date "2024.02.18"]
[Round "4.2"]
[White "Csendi, Balazs"]
[Black "Dovzik, Juri"]
[Result "1/2-1/2"]
[WhiteElo "2053"]
[BlackElo "2235"]
[PlyCount "20"]
[EventDate "2023.10.08"]
[EventType "team-tourn"]
[EventRounds "9"]
[EventCountry "HUN"]
[Source "chess.hu"]
[WhiteTeam "M.Sportisk-KisBocsok"]
[BlackTeam "Kazincbarcika VSC"]
[WhiteTeamCountry "HUN"]
[BlackTeamCountry "HUN"]

1. e4 c5 2. Nf3 e6 3. d4 cxd4 4. Nxd4 Nf6 5. Nc3 Nc6 6. Be3 Bb4 7. Bd3 d5 8.
exd5 Nxd5 9. Nxc6 bxc6 10. Bd2 Nxc3 1/2-1/2

[Event "NB II. Barcza csoport"]
[Site "Miskolc"]
[Date "2024.02.18"]
[Round "4.4"]
[White "Zelena, Tamas"]
[Black "Ligart, Tamas"]
[Result "1/2-1/2"]
[WhiteElo "1963"]
[BlackElo "2131"]
[PlyCount "84"]
[EventDate "2023.10.08"]
[EventType "team-tourn"]
[EventRounds "9"]
[EventCountry "HUN"]
[Source "chess.hu"]
[WhiteTeam "M.Sportisk-KisBocsok"]
[BlackTeam "Kazincbarcika VSC"]
[WhiteTeamCountry "HUN"]
[BlackTeamCountry "HUN"]

1. e4 d6 2. d4 Nf6 3. Nc3 e5 4. Bg5 Be7 5. Nf3 Nbd7 6. Qd2 h6 7. Bxf6 Bxf6 8.
O-O-O c6 9. Kb1 a5 10. g3 a4 11. a3 Qb6 12. Bh3 exd4 13. Bxd7+ Bxd7 14. Nxd4
O-O 15. f3 Rfd8 16. h4 h5 17. Rhe1 Qc5 18. Qe3 Qa5 19. g4 hxg4 20. fxg4 Bxg4
21. Rd3 Qc5 22. Qg3 Bc8 23. Nf3 Be6 24. Ng5 Qe5 25. Qg2 b5 26. Rg1 Rdb8 27. Rg3
b4 28. Nf3 Qc5 29. Rxg7+ Kf8 30. Ng5 Qxg1+ 31. Qxg1 Bxg7 32. Nh7+ Kg8 33. Nf6+
Kf8 34. Nh7+ Kg8 35. Nf6+ Kh8 36. Qg5 Bxf6 37. Qxf6+ Kh7 38. axb4 Rxb4 39. Qg5
Rab8 40. Qh5+ Kg7 41. Qg5+ Kh7 42. Qh5+ Kg7 1/2-1/2

[Event "NB II. Barcza csoport"]
[Site "Miskolc"]
[Date "2024.02.18"]
[Round "4.5"]
[White "Csala, Jan"]
[Black "Ivan, Reka Gyongyver"]
[Result "1/2-1/2"]
[WhiteElo "2106"]
[BlackElo "1820"]
[PlyCount "106"]
[EventDate "2023.10.08"]
[EventType "team-tourn"]
[EventRounds "9"]
[EventCountry "HUN"]
[Source "chess.hu"]
[WhiteTeam "Kazincbarcika VSC"]
[BlackTeam "M.Sportisk-KisBocsok"]
[WhiteTeamCountry "HUN"]
[BlackTeamCountry "HUN"]

1. d4 f5 2. Nc3 d5 3. Bg5 c6 4. e3 Nf6 5. Bxf6 exf6 6. Qf3 Be6 7. Bd3 Qd7 8.
Nge2 Na6 9. Bxa6 bxa6 10. O-O Bd6 11. Na4 Qe7 12. b3 O-O 13. Nf4 Rab8 14. Rfe1
Bf7 15. Nd3 Bg6 16. Nac5 a5 17. Rac1 Qf7 18. g3 Rfe8 19. c4 Re7 20. Rc3 Rbe8
21. Rec1 Re4 22. Qg2 R4e7 23. cxd5 cxd5 24. Nf4 Bxf4 25. gxf4 Bh5 26. Kf1 Rd8
27. Nd3 Qe6 28. Ke1 Qb6 29. Rc5 Red7 30. Kd2 Kh8 31. Qh1 Qa6 32. R1c3 h6 33.
Rc6 Qb7 34. R3c5 a4 35. b4 Be8 36. Qc1 Re7 37. Rc7 Rxc7 38. Rxc7 Qa6 39. Qc5
Qe6 40. Qf8+ Qg8 41. Qe7 Bb5 42. Rxa7 Rc8 43. Nc5 Re8 44. Qc7 Rc8 45. Qa5 Qe8
46. f3 Bc4 47. Qxa4 Qh5 48. Qd7 Rg8 49. b5 Qxh2+ 50. Kc3 Qe2 51. Kb4 Qd2+ 52.
Ka4 Qxa2+ 53. Kb4 Qd2+ 1/2-1/2

[Event "NB II. Barcza csoport"]
[Site "Miskolc"]
[Date "2024.02.18"]
[Round "4.6"]
[White "Horvath, Peter"]
[Black "Balazs, Ladislav"]
[Result "0-1"]
[WhiteElo "1917"]
[BlackElo "2031"]
[PlyCount "146"]
[EventDate "2023.10.08"]
[EventType "team-tourn"]
[EventRounds "9"]
[EventCountry "HUN"]
[Source "chess.hu"]
[WhiteTeam "M.Sportisk-KisBocsok"]
[BlackTeam "Kazincbarcika VSC"]
[WhiteTeamCountry "HUN"]
[BlackTeamCountry "HUN"]

1. e4 c5 2. Nf3 Nc6 3. Bb5 g6 4. O-O Bg7 5. Bxc6 dxc6 6. h3 Qc7 7. d3 e5 8. Be3
b6 9. Qc1 h6 10. a4 a5 11. Na3 Nf6 12. Nc4 Nh5 13. Qd2 g5 14. Qc3 f6 15. Ra3
Nf4 16. Bxf4 exf4 17. e5 fxe5 18. Nfxe5 b5 19. axb5 cxb5 20. Rxa5 Rxa5 21. Nxa5
b4 22. Qe1 O-O 23. Nac4 Re8 24. d4 cxd4 25. Qxb4 Bxe5 26. Re1 f3 27. Rxe5 Rxe5
28. Nxe5 Qxe5 29. Qb3+ Be6 30. Qxf3 Bd5 31. Qd1 Qe4 32. f3 Qe3+ 33. Kh1 h5 34.
Qf1 g4 35. hxg4 h4 36. Kh2 Qf4+ 37. Kg1 Kg7 38. b4 Qd2 39. Qb5 h3 40. Qd7+ Bf7
41. gxh3 Qc1+ 42. Kg2 Qxc2+ 43. Kg3 Qd2 44. Qd6 Qe1+ 45. Kg2 Qe2+ 46. Kg3 d3
47. g5 Qe1+ 48. Kg2 Qd2+ 49. Kh1 Qd1+ 50. Kg2 Qe2+ 51. Kg3 d2 52. Qf6+ Kg8 53.
g6 Bd5 54. Qd8+ Kg7 55. Qxd5 Qe1+ 56. Kf4 Kxg6 57. Qd6+ Kh5 58. Qd5+ Kh4 59.
Qg5+ Kxh3 60. Qg4+ Kh2 61. Qh5+ Kg1 62. Qg4+ Kf1 63. Qh3+ Ke2 64. Qe6+ Kf2 65.
Qb6+ Kf1 66. Qb5+ Qe2 67. Qh5 Qc4+ 68. Ke3 Qc3+ 69. Kf4 Qd4+ 70. Kg3 d1=Q 71.
Qh1+ Qg1+ 72. Qxg1+ Kxg1 73. Kg4 Kf2 0-1

[Event "NB II. Barcza csoport"]
[Site "Miskolc"]
[Date "2024.02.18"]
[Round "4.7"]
[White "Marko, Arpad"]
[Black "Szurovszky, Elek"]
[Result "1-0"]
[WhiteElo "1836"]
[BlackElo "1904"]
[PlyCount "143"]
[EventDate "2023.10.08"]
[EventType "team-tourn"]
[EventRounds "9"]
[EventCountry "HUN"]
[Source "chess.hu"]
[WhiteTeam "Kazincbarcika VSC"]
[BlackTeam "M.Sportisk-KisBocsok"]
[WhiteTeamCountry "HUN"]
[BlackTeamCountry "HUN"]

1. e4 e5 2. Nf3 Nc6 3. Bc4 Bc5 4. c3 Qe7 5. O-O d6 6. h3 Nf6 7. d3 O-O 8. b4
Bb6 9. a4 a5 10. b5 Nb8 11. Be3 Nbd7 12. Nh2 Nc5 13. Na3 Be6 14. Re1 d5 15.
exd5 Bxd5 16. d4 Rad8 17. Bxd5 Nxd5 18. Qc2 Ne6 19. dxe5 Nxe3 20. fxe3 Qg5 21.
Nc4 Bc5 22. Nf3 Qh6 23. Nd4 b6 24. Re2 Nxd4 25. exd4 Rxd4 26. cxd4 Bxd4+ 27.
Kh1 Bxa1 28. Ne3 Qf4 29. Nd5 Qf1+ 30. Kh2 h6 31. Ne7+ Kh8 32. e6 Be5+ 33. g3
Qf6 34. Nc6 Bd6 35. e7 Re8 36. Qe4 h5 37. Kg2 Qg5 38. Qf3 Kg8 39. Rf2 Qg6 40.
Re2 Qg5 41. Qd3 h4 42. g4 Qf4 43. Re4 Qh2+ 44. Kf1 Bc5 45. Ke1 Qg3+ 46. Kd2
Qxd3+ 47. Kxd3 f6 48. Kc4 g6 49. Kd5 Kf7 50. Nd8+ Kg7 51. Ne6+ Kf7 52. Nxc7
Rxe7 53. Rxe7+ Kxe7 54. Kc6 g5 55. Nd5+ Kf7 56. Nxb6 Bxb6 57. Kxb6 f5 58. gxf5
g4 59. Kxa5 gxh3 60. b6 h2 61. b7 h1=Q 62. b8=Q Qd5+ 63. Qb5 Qd2+ 64. Kb6 Qf2+
65. Kc7 Qc2+ 66. Kd6 h3 67. Qd7+ Kf6 68. Qe7+ Kxf5 69. Qh7+ Kg4 70. Qxc2 Kg3
71. Qd3+ Kg2 72. Qxh3+ 1-0

[Event "NB II. Barcza csoport"]
[Site "Miskolc"]
[Date "2024.02.18"]
[Round "4.8"]
[White "Ujpal, Balint"]
[Black "Fazekas, Istvan"]
[Result "1-0"]
[WhiteElo "1790"]
[BlackElo "1799"]
[PlyCount "83"]
[EventDate "2023.10.08"]
[EventType "team-tourn"]
[EventRounds "9"]
[EventCountry "HUN"]
[Source "chess.hu"]
[WhiteTeam "M.Sportisk-KisBocsok"]
[BlackTeam "Kazincbarcika VSC"]
[WhiteTeamCountry "HUN"]
[BlackTeamCountry "HUN"]

1. Nf3 Nc6 2. d4 d5 3. g3 Nf6 4. Bg2 Bf5 5. O-O Qd7 6. Ne5 Nxe5 7. dxe5 Ne4 8.
c4 dxc4 9. Qxd7+ Kxd7 10. g4 Bg6 11. f4 e6 12. f5 exf5 13. gxf5 Bh5 14. Bxe4
Bc5+ 15. Kg2 Rae8 16. Bf4 g5 17. fxg6 fxg6 18. Nc3 c6 19. Rad1+ Ke6 20. Bf3
Rhg8 21. Ne4 Be7 22. Nd6 Ref8 23. Bg3 b5 24. Bxc6 Bxe2 25. Bd5+ Kd7 26. Bxg8
Bxf1+ 27. Rxf1 Rxg8 28. Nxb5 Ke6 29. Nxa7 Ra8 30. Nc6 Rxa2 31. Nxe7 Rxb2+ 32.
Kf3 Kxe7 33. Rc1 Rb3+ 34. Ke4 c3 35. Kd4 h5 36. Rxc3 Rb4+ 37. Kd5 h4 38. Be1
Rg4 39. Rc7+ Kd8 40. Rc4 Rxc4 41. Kxc4 g5 42. Bd2 1-0